Operation Pakistan: (Record no. 191224)

MARC details
000 -LEADER
fixed length control field 00577nam a22001817a 4500
005 - DATE AND TIME OF LATEST TRANSACTION
control field 20220823123700.0
010 ## - LCCN (DPL NO)
LC control number ENG-134555
020 ## - INTERNATIONAL STANDARD BOOK NUMBER
International Standard Book Number 9789391317669
Terms of availability 300.00
035 ## - SYSTEM CONTROL NUMBER
System control number EN-118087
037 ## - SOURCE OF ACQUISITION
Source of stock number/acquisition DBAD/PUB
082 ## - DEWEY DECIMAL CLASSIFICATION NUMBER
Classification number N
100 ## - MAIN ENTRY--PERSONAL NAME
Personal name Pimenta, Dwayne
245 ## - TITLE STATEMENT
Title Operation Pakistan:
Remainder of title Terror Strike/
Statement of responsibility, etc Dwayne Pimenta
260 ## - PUBLICATION, DISTRIBUTION, ETC. (IMPRINT)
Place of publication, distribution, etc Noida
Name of publisher, distributor, etc Book Street Publications
Date of publication, distribution, etc 2022
270 ## - ADDRESS
Address Jitendra Anand Infratech Pvt Ltd 2203, Express Trade Towers-2, sector-132
City Noida
Postal code 201304
Electronic mail address jaipl3e@ gmail.com
300 ## - PHYSICAL DESCRIPTION
Extent 254p.
Other physical details Epilogue
Dimensions 24cm(pbk)
942 ## - ADDED ENTRY ELEMENTS (KOHA)
Source of classification or shelving scheme Dewey Decimal Classification
Item type English Books
Classification part N
Call number suffix PIM
Holdings
Withdrawn status Lost status Not for loan Collection code Home library Current library Date acquired Source of acquisition Cost, normal purchase price Full call number Barcode Copy number Cost, replacement price Koha item type
      Fiction Ashok Vihar Ashok Vihar 23/08/2022 DBAD/PUB 300.00 N PIM EN-118087 1 300.00 English Books

© Delhi Public Library
Hit Counter
free hit counter